Derecho penal aplicado Parte Especial - Delitos contra intereses colectivos o difusos /

Detalles Bibliográficos
Autor principal: Jaň Vallejo, Manuel
Otros Autores: Agudo Fernǹdez, Enrique, Perrino Přez, ℓngel Luis
Formato: eBook
Lenguaje:español
Publicado: Madrid: Dykinson, 2019
Materias:
Acceso en línea:Acceso restringido

MARC

LEADER 00000nam a22000007a 4500
005 20190829132121.0
007 cr|||| ||||
008 190829s2019 es |||||s|||| 00||0 spa d
020 |a 978-84-1324-197-5 
035 |a 24164 
040 |a vLex 
090 |c 9327  |d 9327 
100 1 |a Jaň Vallejo, Manuel 
245 1 0 |a Derecho penal aplicado  |h [Recurso electrn̤ico] :  |b Parte Especial - Delitos contra intereses colectivos o difusos /  |c Manuel Jaň Vallejo, Enrique Agudo Fernǹdez, ℓngel Luis Perrino Přez 
256 |a Servicio en ln̕ea 
260 |a Madrid:  |b Dykinson,  |c 2019 
300 |a 1 recurso electrn̤ico 
500 |a En este nuevo libro sobre el Derecho Penal Aplicado, Parte Especial, los autores examinan delitos de muy diferente naturaleza, aunque todos ellos referidos a intereses con una indudable dimensin̤ colectiva, algunos de especial relevancia prc̀tica y dogmt̀ica, como es el caso de los delitos contra la Hacienda pb︢lica, contra los derechos de los trabajadores y contra los derechos de los ciudadanos extranjeros, los delitos sobre la ordenacin̤ del territorio y el urbanismo, delitos contra los recursos naturales y el medio ambiente, delitos contra la salud pb︢lica, delitos contra la seguridad vial, falsedades, delitos contra la Administracin̤ pb︢lica y delitos contra la Administracin̤ de justicia, y otros, como es el caso de los delitos de rebelin̤ y sedicin̤, de extraordinaria actualidad en el panorama judicial y doctrinal de nuestro pas̕. En esta publicacin̤, que ha tenido en cuenta las reformas introducidas en el Cd̤igo penal por las Leyes Orgǹicas 1 y 2 de 2019, los autores tienen muy presente, coherentemente con el tt̕ulo principal de la misma, la doctrina que la Sala de lo Penal del Tribunal Supremo ha ido elaborando al interpretar y aplicar las normas penales referidas a los delitos que se examinan, sin duda de un alto valor, especialmente a partir de la Ley 41/2015, que abri ̤la casacin̤, por la va̕ del art. 849.1ð de la Ley de Enjuiciamiento Criminal, para los delitos cuyo enjuiciamiento viene atribuido a los Juzgados de lo Penal, permitiendo as ̕la elaboracin̤ por el alto Tribunal de jurisprudencia sobre delitos que hasta entonces muy excepcionalmente llegaban a su conocimiento, asegurando de este modo principios constitucionales tan importantes como el de seguridad jurd̕ica e igualdad en la aplicacin̤ de la ley. Con este nuevo libro, pues, se pretende ofrecer el mejor conocimiento posible del derecho penal aplicado, referido ahora a los delitos mencionados, por parte de todos los operadores jurd̕icos, como es el caso de los jueces, fiscales, abogados, letrados de la administracin̤ de justicia, e incluso por parte de los estudiantes de derecho penal como complemento de los siempre necesarios manuales de la asignatura. 
506 1 |a Disponible solo en los productos indicados  |d vLex Global  |d vLex Global (Academic Edition, excluding Law Schools)  |d vLex Global (U.S. Academic Edition, Law Schools)  |d vLex Global (U.S. Academic Edition, excluding Law Schools)  |d vLex Global (Academic Edition, Law Schools) 
650 0 4 |a Derecho Penal  |z Espaą 
700 1 |a Agudo Fernǹdez, Enrique 
700 1 |a Perrino Přez, ℓngel Luis 
740 0 |a vLex Libros (Servicio en ln̕ea) 
856 4 0 |u http://vlex.com/source/derecho-penal-aplicado-parte-especial-delitos-contra-intereses-colectivos-o-difusos-24164  |z Acceso restringido 
942 |c BOOK 
999 0 |a Criminal law